000 00528nam a2200169 i 4500
001 104066
003 ES-MaACL
005 20230906183513.0
007 t|
008 051122s1968 sp ||||1| spa d
100 1 _aMichal, Bernard.
_980865
245 1 4 _aLos grandes enigmas de la paz precaria /
_cBernard Michal; traducción de Rita Rodríguez.
260 _aMadrid :
_b[s.n.],
_c1968 (
_fMateu-cromo)
300 _a2 v., 24 lám. ;
_c18 cm.
700 1 _aRodríguez, Rita.
_998299
852 _aES-MaACL
_jC-47633-4
_bR.69073
999 _c104066
_d104066